000
00224nam a22000857a 4500
008
161220b xxu||||| |||| 00| 0 eng d
100
_9
2143
_a
Srivastava.M
245
_a
Tihe Tiger and the Mosquito
260
_a
New Delhi
_b
C.B.T
_c
2011
999
_c
5024
_d
5024